000 00401nam a2200145 i 4500
001 bg
100 1 _aKONOPIŃSKI, Tadeusz
245 0 _aTransformatory i dławiki elektronicznych urządzeń zasilających /
_cTadeusz Konopiński, Ryszard Pac.
260 _aWarszawa,
_c1979.
700 1 _aPAC, Ryszard
040 _cBPK
041 _apol
942 _cKS
008 s pl f |000 0 pol
999 _c10031
_d10031
856 _uhttp://koha.tu.koszalin.pl/cgi-bin/koha/opac-detail.pl?biblionumber=10031
_yKatalog online BPK